[Event "IRL-ch"]
[Site "Dublin"]
[Date "2014.07.09"]
[Round "5"]
[White "McMahon, Daire"]
[Black "Murray, David"]
[Result "0-1"]
[WhiteElo "2153"]
[BlackElo "2141"]
[PlyCount "66"]
[EventDate "2014.07.05"]
[EventType "swiss"]
[EventRounds "9"]
[EventCountry "IRL"]
[SourceTitle "CBM 161 Extra"]
[Source "ChessBase"]
[SourceDate "2014.08.29"]
[SourceVersion "1"]
[SourceVersionDate "2014.08.29"]
[SourceQuality "1"]

1. d4 Nf6 2. c4 e6 3. Nc3 Bb4 4. Nf3 b6 5. Bg5 h6 6. Bh4 g5 7. Bg3 Ne4 8. Qc2 Bb7 9. e3 d6 10. Bd3 Bxc3+ 11. bxc3 f5 12. d5 Na6 13. Bxe4 fxe4 14. Qxe4 Qf6 15. 0-0 Nc5 16. Qd4 0-0 17. Rad1 Rae8 18. h4 e5 19. Qg4 Bc8 20. Qh5 Ne4 21. Nd2 Nxc3 22. Rc1 e4 23. a3 Bf5 24. Rfe1 Na4 25. Nb3 Nb2 26. Rc2 Nd3 27. Rf1 Re7 28. Nd4 Bd7 29. Rd2 g4 30. Ne6 Bxe6 31. dxe6 Qxe6 32. f3 gxf3 33. gxf3 Rg7 0-1

[Event "Seville op 39th"]
[Site "Seville"]
[Date "2014.01.16"]
[Round "7"]
[White "McMahon, Daire"]
[Black "Gimenez Iturralde, Daniel"]
[Result "1/2-1/2"]
[WhiteElo "2157"]
[BlackElo "2004"]
[PlyCount "47"]
[EventDate "2014.01.10"]
[EventType "swiss"]
[EventRounds "9"]
[EventCountry "ESP"]
[SourceTitle "CBM 158 Extra"]
[Source "ChessBase"]
[SourceDate "2014.02.28"]
[SourceVersion "1"]
[SourceVersionDate "2014.02.28"]
[SourceQuality "1"]

1. d4 Nf6 2. c4 c5 3. e3 e6 4. Nf3 Be7 5. Nc3 0-0 6. dxc5 Bxc5 7. Be2 b6 8. 0-0 Bb7 9. a3 d5 10. b4 Be7 11. Bb2 Qc8 12. cxd5 Nxd5 13. Rc1 Qd8 14. Qb3 Nd7 15. Rfd1 Rc8 16. Bb5 Rc7 17. Bxd7 Rxd7 18. Ne5 Nxc3 19. Rxd7 Ne2+ 20. Kf1 Nxc1 21. Bxc1 Qc8 22. Bb2 Bf6 23. Rd1 Rd8 24. Rc1 1/2-1/2

[Event "Dublin Easter e2e4 op"]
[Site "Dublin"]
[Date "2013.03.31"]
[Round "7"]
[White "McMahon, Daire"]
[Black "O'Rourke, Ray"]
[Result "1-0"]
[WhiteElo "2150"]
[BlackElo "2026"]
[PlyCount "153"]
[EventDate "2013.03.28"]
[EventType "swiss"]
[EventRounds "9"]
[EventCountry "IRL"]
[SourceTitle "CBM 153 Extra"]
[Source "ChessBase"]
[SourceDate "2013.04.22"]
[SourceVersion "1"]
[SourceVersionDate "2013.04.22"]
[SourceQuality "1"]

1. d4 Nf6 2. c4 g6 3. Nc3 Bg7 4. e4 d6 5. Be2 0-0 6. Bg5 h6 7. Be3 Nbd7 8. Qd2 Kh7 9. f3 e5 10. d5 a5 11. Bd1 Nc5 12. Nge2 Nh5 13. Bc2 f5 14. exf5 Bxf5 15. Bxf5 gxf5 16. 0-0 Qh4 17. b3 f4 18. Bxc5 dxc5 19. Ne4 Rg8 20. Rad1 Bf8 21. Qe1 Qd8 22. N2c3 Ra6 23. Rf2 Rag6 24. Re2 Ng7 25. Rdd2 Nf5 26. Kh1 Nd4 27. Rf2 Be7 28. Qg1 Bh4 29. Rf1 Nf5 30. Qxc5 b6 31. Qb5 Ne3 32. Rg1 R8g7 33. d6 cxd6 34. Nd5 Nxd5 35. Qxd5 Be7 36. a3 Qc8 37. Rgd1 Qf5 38. Qd3 Qf8 39. Qc2 Kh8 40. b4 axb4 41. axb4 Rg8 42. b5 h5 43. Re2 h4 44. h3 Qc8 45. Qd3 R8g7 46. Nc3 Qg8 47. Rdd2 Rg3 48. Ne4 R3g6 49. Ra2 Qe6 50. Ra8+ Rg8 51. Rxg8+ Rxg8 52. Rd2 Rd8 53. Qd5 Qxd5 54. Rxd5 Kg7 55. Kg1 Kf7 56. Kf1 Ke6 57. Ke2 Rc8 58. Kd3 Rg8 59. Kc3 Rxg2 60. Rd2 Rg3 61. Nxg3 hxg3 62. Kd3 Kf5 63. Ke2 Kg5 64. Kf1 e4 65. Rd5+ Kh4 66. Kg2 e3 67. Rd4 Kg5 68. Re4 Bf6 69. h4+ Kf5 70. h5 Be5 71. h6 Kg6 72. c5 Bf6 73. cxb6 Bd8 74. b7 Bc7 75. h7 Kxh7 76. Re7+ Kg6 77. Rxc7 1-0

[Event "Dublin Easter e2e4 op"]
[Site "Dublin"]
[Date "2013.03.29"]
[Round "2"]
[White "Braun, Arik"]
[Black "McMahon, Daire"]
[Result "1-0"]
[WhiteElo "2556"]
[BlackElo "2150"]
[PlyCount "61"]
[EventDate "2013.03.28"]
[EventType "swiss"]
[EventRounds "9"]
[EventCountry "IRL"]
[SourceTitle "CBM 153 Extra"]
[Source "ChessBase"]
[SourceDate "2013.04.22"]
[SourceVersion "1"]
[SourceVersionDate "2013.04.22"]
[SourceQuality "1"]

1. d4 Nf6 2. c4 e6 3. Nc3 Bb4 4. Qc2 0-0 5. a3 Bxc3+ 6. Qxc3 b6 7. Bg5 Bb7 8. e3 h6 9. Bh4 d6 10. f3 Nbd7 11. e4 c5 12. Bd3 Re8 13. Ne2 e5 14. dxe5 dxe5 15. 0-0-0 Qe7 16. Bc2 Bc6 17. Ng3 g6 18. Nf1 Nf8 19. Ne3 Kh7 20. Rd2 Rac8 21. Re1 Qe6 22. Red1 Qe7 23. Rd6 N8d7 24. Qe1 g5 25. Bg3 Qf8 26. h4 Re6 27. Nf5 Rce8 28. hxg5 hxg5 29. Bh4 gxh4 30. Qxh4+ Kg8 31. Rh1 1-0

[Event "Dublin Easter e2e4 op"]
[Site "Dublin"]
[Date "2013.03.29"]
[Round "3"]
[White "McMahon, Daire"]
[Black "Haria, Ravi"]
[Result "1-0"]
[WhiteElo "2150"]
[BlackElo "2076"]
[PlyCount "141"]
[EventDate "2013.03.28"]
[EventType "swiss"]
[EventRounds "9"]
[EventCountry "IRL"]
[SourceTitle "CBM 153 Extra"]
[Source "ChessBase"]
[SourceDate "2013.04.22"]
[SourceVersion "1"]
[SourceVersionDate "2013.04.22"]
[SourceQuality "1"]

1. Nf3 Nf6 2. g3 e6 3. Bg2 d5 4. 0-0 Be7 5. d4 0-0 6. b3 c5 7. dxc5 Bxc5 8. Bb2 Nc6 9. Nbd2 Re8 10. c4 d4 11. a3 a5 12. Ng5 Ba7 13. Qc2 h6 14. Nge4 Nxe4 15. Bxe4 f5 16. Bd3 Rf8 17. f4 e5 18. fxe5 Nxe5 19. c5 Nxd3 20. Qxd3 Qd5 21. b4 b6 22. Qxd4 Qxd4+ 23. Bxd4 bxc5 24. bxc5 Ba6 25. Rf2 Rac8 26. Rc1 Rfd8 27. Nf3 Bb7 28. e3 Bxf3 29. Rxf3 g6 30. Rf2 Rc6 31. Rb2 Rd7 32. Rb5 Kf7 33. Rxa5 Ke6 34. Kg2 g5 35. Kf3 h5 36. Rb5 Rdc7 37. h4 g4+ 38. Ke2 Ra6 39. Rc3 Rac6 40. Kd3 Kd5 41. a4 Rc8 42. Rb7 Bb8 43. Rf7 Bxg3 44. Rxf5+ Ke6 45. Rxh5 Ra8 46. Rc4 Rg8 47. e4 Bf4 48. Rf5 Bh2 49. Rc2 g3 50. Rg2 Ra8 51. h5 Rxa4 52. h6 Ra3+ 53. Bc3 Rc8 54. h7 Rd8+ 55. Rd5 Rf8 56. Kc4 Raa8 57. Rd6+ Ke7 58. h8Q Rxh8 59. Bxh8 Rxh8 60. e5 Rf8 61. Rf6 Rd8 62. c6 Rd1 63. Rf3 Re1 64. c7 Kd7 65. Rf7+ Kc8 66. Kd5 Rd1+ 67. Ke6 Rc1 68. Rb2 Rc6+ 69. Kf5 Rxc7 70. Rxc7+ Kxc7 71. Rg2 1-0

[Event "Dublin Easter e2e4 op"]
[Site "Dublin"]
[Date "2013.03.28"]
[Round "1"]
[White "McMahon, Daire"]
[Black "Morriss, Pete R"]
[Result "1-0"]
[WhiteElo "2150"]
[BlackElo "2013"]
[PlyCount "77"]
[EventDate "2013.03.28"]
[EventType "swiss"]
[EventRounds "9"]
[EventCountry "IRL"]
[SourceTitle "CBM 153 Extra"]
[Source "ChessBase"]
[SourceDate "2013.04.22"]
[SourceVersion "1"]
[SourceVersionDate "2013.04.22"]
[SourceQuality "1"]

1. d4 Nf6 2. Nf3 e6 3. g3 c5 4. Bg2 Nc6 5. 0-0 d5 6. c4 cxd4 7. Nxd4 Be7 8. Nc3 0-0 9. cxd5 Nxd5 10. Nxd5 exd5 11. Be3 Ne5 12. Qb3 Nc4 13. Rad1 Re8 14. Bf4 Bf6 15. e4 Qb6 16. Qxb6 axb6 17. b3 Ne5 18. exd5 Ng6 19. a4 Nxf4 20. gxf4 Bg4 21. Rd2 Rac8 22. Nb5 Be2 23. Nd6 Bxf1 24. Bxf1 Kf8 25. Nxc8 Rxc8 26. d6 Rd8 27. Bb5 Bc3 28. Re2 Bb4 29. d7 Be7 30. Kg2 h6 31. f5 f6 32. Re6 Kf7 33. Rxb6 Rb8 34. Bc4+ Kf8 35. a5 Bd8 36. Re6 Bxa5 37. Bb5 Rd8 38. Re8+ Kf7 39. Bc4# 1-0

[Event "Olympiad-40"]
[Site "Istanbul"]
[Date "2012.09.04"]
[Round "7.4"]
[White "Njobvu, Ignatius"]
[Black "McMahon, Daire"]
[Result "1/2-1/2"]
[WhiteElo "2226"]
[BlackElo "2153"]
[PlyCount "122"]
[EventDate "2012.08.28"]
[EventType "team-swiss"]
[EventRounds "11"]
[EventCountry "TUR"]
[SourceTitle "CBM 151"]
[Source "ChessBase"]
[SourceDate "2012.11.13"]
[SourceVersion "1"]
[SourceVersionDate "2012.11.13"]
[SourceQuality "1"]
[WhiteTeam "Botswana"]
[BlackTeam "Ireland"]
[WhiteTeamCountry "BOT"]
[BlackTeamCountry "IRL"]

1. d4 Nf6 2. c4 e6 3. Nf3 b6 4. g3 Bb7 5. Bg2 Be7 6. 0-0 0-0 7. Nc3 Ne4 8. Qc2 Nxc3 9. Qxc3 d6 10. b3 Nd7 11. Bb2 Bf6 12. Rad1 Qe7 13. Qc2 g6 14. d5 Bxb2 15. Qxb2 e5 16. h4 h6 17. Qc2 Kg7 18. e4 Nf6 19. b4 a5 20. a3 axb4 21. axb4 c5 22. Nd2 Ra7 23. Ra1 Rfa8 24. Rxa7 Rxa7 25. bxc5 bxc5 26. Rb1 Qc7 27. Qc3 Bc8 28. f4 Ng4 29. Bh3 f6 30. Bxg4 Bxg4 31. Kf2 Kf7 32. Rb3 Rb7 33. Ke3 Qb8 34. Rxb7+ Qxb7 35. Nb3 Bd7 36. fxe5 fxe5 37. Kf2 Ba4 38. Nd2 Bd1 39. Qa5 Qb8 40. Qb5 Qc7 41. Ke3 Ke7 42. Qb1 Ba4 43. g4 Qa5 44. Qa1 Qb4 45. g5 hxg5 46. hxg5 Bd7 47. Kd3 Ba4 48. Qf1 Qa3+ 49. Ke2 Bc2 50. Qf6+ Kd7 51. Qe6+ Kc7 52. Qe7+ Kc8 53. Qe8+ Kb7 54. Qc6+ Ka7 55. Qc7+ Ka8 56. Qc8+ Ka7 57. Qc7+ Ka8 58. Kf2 Qc3 59. Qc8+ Ka7 60. Qd7+ Ka8 61. Nf3 Bxe4 1/2-1/2

[Event "London e2e4 Diamond Jubilee op"]
[Site "London"]
[Date "2012.06.03"]
[Round "3"]
[White "McMahon, Daire"]
[Black "Jaunooby, Ali Reza"]
[Result "0-1"]
[WhiteElo "2229"]
[BlackElo "2158"]
[PlyCount "78"]
[EventDate "2012.06.02"]
[EventType "swiss"]
[EventRounds "9"]
[EventCountry "ENG"]
[SourceTitle "CBM 148 Extra"]
[Source "ChessBase"]
[SourceDate "2012.06.22"]
[SourceVersion "1"]
[SourceVersionDate "2012.06.22"]
[SourceQuality "1"]

1. d4 Nf6 2. c4 c6 3. Nf3 d5 4. e3 a6 5. Bd3 b5 6. cxd5 cxd5 7. 0-0 Bg4 8. a4 b4 9. a5 Nbd7 10. h3 Bh5 11. Nbd2 e6 12. Qa4 Qc7 13. Ne5 Bd6 14. Nb3 Ne4 15. f3 Ng3 16. Re1 Bxe5 17. dxe5 0-0 18. f4 Rfb8 19. Bd2 Bg6 20. Bxg6 hxg6 21. Rac1 Qa7 22. Bxb4 Qb7 23. Bc3 Ne4 24. Nd4 Ndc5 25. Qc2 Rc8 26. Qe2 Na4 27. Rc2 Naxc3 28. bxc3 Rxc3 29. Rec1 Rac8 30. Rxc3 Rxc3 31. Rxc3 Nxc3 32. Qc2 Qb4 33. Qb3 Qxa5 34. Qb8+ Kh7 35. Nf3 Ne4 36. Qb7 Qc5 37. Qxf7 Qxe3+ 38. Kh2 d4 39. Qxe6 Qf2 0-1

[Event "Dublin Easter e2e4 op"]
[Site "Dublin"]
[Date "2012.04.07"]
[Round "5"]
[White "McMahon, Daire"]
[Black "Rudd, Jack"]
[Result "0-1"]
[WhiteElo "2212"]
[BlackElo "2303"]
[PlyCount "60"]
[EventDate "2012.04.05"]
[EventType "swiss"]
[EventRounds "9"]
[EventCountry "IRL"]
[SourceTitle "CBM 147 Extra"]
[Source "ChessBase"]
[SourceDate "2012.04.24"]
[SourceVersion "1"]
[SourceVersionDate "2012.04.24"]
[SourceQuality "1"]

1. d4 Nf6 2. c4 e6 3. Nf3 c5 4. d5 b5 5. dxe6 fxe6 6. cxb5 d5 7. e3 Bb7 8. Be2 Bd6 9. a4 0-0 10. a5 a6 11. Nc3 e5 12. Nd2 d4 13. Na4 axb5 14. Bxb5 Rxa5 15. Bc4+ Kh8 16. Nb3 Ra7 17. Bd2 Ne4 18. 0-0 Bc6 19. f3 Nxd2 20. Nxd2 Qg5 21. Re1 e4 22. f4 Qg6 23. Nf1 dxe3 24. Nxe3 Bxf4 25. Nd5 Be5 26. Rf1 Rxf1+ 27. Qxf1 Rf7 28. Qe1 Bd4+ 29. Kh1 Rf2 30. Ne3 Bxe3 0-1

[Event "Dublin Easter e2e4 op"]
[Site "Dublin"]
[Date "2012.04.06"]
[Round "2"]
[White "Brady, Stephen"]
[Black "McMahon, Daire"]
[Result "1/2-1/2"]
[WhiteElo "2383"]
[BlackElo "2212"]
[PlyCount "60"]
[EventDate "2012.04.05"]
[EventType "swiss"]
[EventRounds "9"]
[EventCountry "IRL"]
[SourceTitle "CBM 147 Extra"]
[Source "ChessBase"]
[SourceDate "2012.04.24"]
[SourceVersion "1"]
[SourceVersionDate "2012.04.24"]
[SourceQuality "1"]

1. e4 e5 2. Nf3 Nc6 3. Nc3 Nf6 4. Be2 Bb4 5. Nd5 Ba5 6. c3 d6 7. Qa4 Bd7 8. Bb5 Bb6 9. Nxb6 axb6 10. Qc2 0-0 11. 0-0 Nb4 12. cxb4 Bxb5 13. Re1 c5 14. bxc5 bxc5 15. d3 Qe7 16. a4 Bc6 17. b4 cxb4 18. Bd2 Rfc8 19. Qb3 Nd7 20. Bxb4 Nc5 21. Bxc5 dxc5 22. Rec1 Rd8 23. Nd2 Qd7 24. Nc4 Qxd3 25. Qxd3 Rxd3 26. Nxe5 Rd4 27. Nxc6 bxc6 28. a5 Rxe4 29. Rxc5 Ra6 30. Rb1 g6 1/2-1/2

[Event "IRL-ch e2e4"]
[Site "Dublin"]
[Date "2011.07.09"]
[Round "8"]
[White "Freeman, Gordon"]
[Black "McMahon, Daire"]
[Result "0-1"]
[WhiteElo "2179"]
[BlackElo "2196"]
[PlyCount "100"]
[EventDate "2011.07.02"]
[EventType "swiss"]
[EventRounds "9"]
[EventCountry "IRL"]
[SourceTitle "CBM 143 Extra"]
[Source "ChessBase"]
[SourceDate "2011.08.29"]
[SourceVersion "1"]
[SourceVersionDate "2011.08.29"]
[SourceQuality "1"]

1. d4 Nf6 2. c4 e6 3. g3 d5 4. Nf3 c5 5. cxd5 Nxd5 6. Bg2 Nc6 7. 0-0 Be7 8. Nc3 0-0 9. Nxd5 exd5 10. dxc5 Bxc5 11. b3 Be6 12. Bb2 Qb6 13. Rc1 Rac8 14. Qd2 f6 15. e3 Rfd8 16. Rfd1 Bg4 17. h3 Bh5 18. g4 Bf7 19. Qe2 h6 20. Qc2 Ne7 21. Qe2 Nc6 22. Qe1 Rc7 23. Nd4 Nxd4 24. Bxd4 Rdc8 25. Bxc5 Rxc5 26. Qd2 a5 27. Rxc5 Qxc5 28. Qd4 Qxd4 29. Rxd4 Rc1+ 30. Kh2 Rc2 31. Ra4 b6 32. Kg3 Kf8 33. h4 Ke7 34. g5 hxg5 35. hxg5 fxg5 36. e4 Rd2 37. exd5 Kd6 38. Rg4 Rxa2 39. Rxg5 Rb2 40. Rxg7 Rxb3+ 41. Kg4 Bxd5 42. Rg6+ Be6+ 43. Kh5 Ke7 44. Rg7+ Kf6 45. Rg6+ Kf5 46. Kh6 Bc4 47. f3 b5 48. Rg5+ Kf4 49. Rg4+ Ke5 50. Re4+ Kd6 0-1

[Event "IRL-ch e2e4"]
[Site "Dublin"]
[Date "2011.07.08"]
[Round "7"]
[White "McMahon, Daire"]
[Black "Moran, Stephen"]
[Result "1/2-1/2"]
[WhiteElo "2196"]
[BlackElo "1983"]
[PlyCount "67"]
[EventDate "2011.07.02"]
[EventType "swiss"]
[EventRounds "9"]
[EventCountry "IRL"]
[SourceTitle "CBM 143 Extra"]
[Source "ChessBase"]
[SourceDate "2011.08.29"]
[SourceVersion "1"]
[SourceVersionDate "2011.08.29"]
[SourceQuality "1"]

1. d4 Nf6 2. Nf3 g6 3. c4 Bg7 4. g3 d5 5. Bg2 0-0 6. 0-0 dxc4 7. Na3 Nfd7 8. Nxc4 c5 9. Be3 Na6 10. Qd2 Nb6 11. Nxb6 Qxb6 12. dxc5 Qxb2 13. Rab1 Qxd2 14. Nxd2 Rb8 15. Rfc1 Rd8 16. Nc4 f6 17. Na5 Rd7 18. Be4 Rc7 19. Bd3 Ra8 20. a3 Bf8 21. Be4 Rb8 22. Bd3 Ra8 23. a4 Kg7 24. Bxa6 bxa6 25. c6 e5 26. Kg2 Kf7 27. Rb7 Bd6 28. Bc5 Bxb7 29. Bxd6 Bxc6+ 30. Nxc6 Rcc8 31. Rc4 Ke6 32. Bb4 Kd7 33. Na5 Rxc4 34. Nxc4 1/2-1/2

[Event "IRL-ch e2e4"]
[Site "Dublin"]
[Date "2011.07.05"]
[Round "4"]
[White "McMahon, Daire"]
[Black "Daly, Colm"]
[Result "1-0"]
[WhiteElo "2196"]
[BlackElo "2305"]
[PlyCount "105"]
[EventDate "2011.07.02"]
[EventType "swiss"]
[EventRounds "9"]
[EventCountry "IRL"]
[SourceTitle "CBM 143 Extra"]
[Source "ChessBase"]
[SourceDate "2011.08.29"]
[SourceVersion "1"]
[SourceVersionDate "2011.08.29"]
[SourceQuality "1"]

1. d4 Nf6 2. c4 e6 3. Nc3 Bb4 4. Nf3 b6 5. Qb3 Na6 6. Bg5 Bb7 7. e3 c5 8. Bd3 cxd4 9. exd4 Bxf3 10. gxf3 Be7 11. 0-0-0 0-0 12. Kb1 Nc7 13. Bf4 Nh5 14. Bxc7 Qxc7 15. d5 Qf4 16. Nb5 Bc5 17. dxe6 dxe6 18. Be4 Rad8 19. Nxa7 Nf6 20. Qc2 Rxd1+ 21. Rxd1 Qxh2 22. Nc6 h5 23. b4 Bd6 24. a4 h4 25. c5 bxc5 26. b5 h3 27. a5 Qf4 28. a6 Nd7 29. Qd2 h2 30. Qxf4 Bxf4 31. a7 Nb6 32. Ne7+ Kh8 33. Bb7 Kh7 34. Nc8 Rxc8 35. Bxc8 Kg6 36. Bd7 Kg5 37. Be8 f5 38. Bd7 Kf6 39. Bc6 g6 40. Bd7 Ke7 41. Bc6 Kf6 42. Bd7 Ke7 43. Kc2 Kf6 44. Re1 Kg5 45. Bxe6 Kh4 46. Bc4 g5 47. Re7 Kh5 48. Bf7+ Kh6 49. Re1 Kg7 50. Bd5 Kg6 51. a8Q Nxa8 52. Bxa8 Kf6 53. Kd3 1-0

[Event "IRL-chT Clubs"]
[Site "Dublin"]
[Date "2007.06.16"]
[Round "1"]
[White "McMahon, Daire"]
[Black "Quinn, Mark"]
[Result "0-1"]
[WhiteElo "2222"]
[BlackElo "2397"]
[PlyCount "42"]
[EventDate "2007.06.16"]
[EventType "team"]
[EventRounds "3"]
[EventCountry "IRL"]
[SourceTitle "EXT 2010"]
[Source "ChessBase"]
[SourceDate "2010.11.25"]
[SourceVersion "1"]
[SourceVersionDate "2010.11.25"]
[SourceQuality "1"]

1. d4 Nf6 2. c4 Nc6 3. Nf3 e6 4. g3 d5 5. Bg2 dxc4 6. 0-0 a6 7. Nc3 Rb8 8. e4 Be7 9. e5 Nd5 10. Ne4 h6 11. Be3 b5 12. Nfd2 Bb7 13. h4 Ncb4 14. h5 Nd3 15. Rb1 Qd7 16. Qg4 Kf8 17. Qe2 Nxe3 18. fxe3 c5 19. Qf3 Bg5 20. Kh2 cxd4 21. Qg4 Nxe5 0-1

[Event "EU-chT (Men) 14th"]
[Site "Plovdiv"]
[Date "2003.10.12"]
[Round "2.3"]
[White "McMahon, Daire"]
[Black "D'Amore, Carlo"]
[Result "1/2-1/2"]
[WhiteElo "2221"]
[BlackElo "2435"]
[PlyCount "75"]
[EventDate "2003.10.10"]
[EventType "team-swiss"]
[EventRounds "9"]
[EventCountry "BUL"]
[SourceTitle "CBM 098"]
[Source "ChessBase"]
[SourceDate "2004.02.03"]
[SourceVersion "1"]
[SourceVersionDate "2004.02.03"]
[SourceQuality "1"]
[WhiteTeam "Ireland"]
[BlackTeam "Italy"]
[WhiteTeamCountry "IRL"]
[BlackTeamCountry "ITA"]

1. d4 Nf6 2. c4 c5 3. d5 b5 4. cxb5 a6 5. e3 g6 6. Nc3 Bg7 7. Nf3 0-0 8. a4 Bb7 9. Rb1 Qa5 10. Bd2 Qb4 11. h3 c4 12. Ne4 Qb3 13. Nxf6+ Bxf6 14. Qxb3 cxb3 15. Bc4 axb5 16. axb5 Rc8 17. Bxb3 Rc5 18. Nd4 Bxd5 19. Bb4 Bxg2 20. Bxc5 Bxh1 21. Rc1 d6 22. Ba3 Nd7 23. Rc7 Nb6 24. Nc6 Kf8 25. Bxd6 Bd5 26. Nxe7 Bxb3 27. Nd5+ Kg7 28. Nxb6 Ra1+ 29. Ke2 Rb1 30. Ba3 Bxb2 31. Bxb2+ Rxb2+ 32. Kd3 Be6 33. Rc5 Bxh3 34. Nc4 Bf1+ 35. Kc3 Rb1 36. Kc2 Rb4 37. Kc3 Rb1 38. Kc2 1/2-1/2

[Event "IRL-ch"]
[Site "Greystones"]
[Date "2001.07.13"]
[Round "7"]
[White "McMahon, Daire"]
[Black "Collins, Sam E"]
[Result "0-1"]
[WhiteElo "2240"]
[BlackElo "2194"]
[PlyCount "44"]
[EventDate "2001.07.07"]
[EventType "swiss"]
[EventRounds "9"]
[EventCountry "IRL"]
[SourceTitle "EXT 2012"]
[Source "ChessBase"]
[SourceDate "2011.11.24"]
[SourceVersion "1"]
[SourceVersionDate "2011.11.24"]
[SourceQuality "1"]

1. d4 Nf6 2. c4 g6 3. Nc3 d5 4. Bf4 Bg7 5. e3 c5 6. dxc5 Qa5 7. cxd5 Nxd5 8. Qxd5 Bxc3+ 9. bxc3 Qxc3+ 10. Ke2 Bg4+ 11. Nf3 Qb2+ 12. Kd3 Nc6 13. Be5 Nxe5+ 14. Qxe5 0-0-0+ 15. Ke4 Bxf3+ 16. gxf3 Qb4+ 17. Qd4 Rxd4+ 18. exd4 e5 19. Bh3+ f5+ 20. Kxe5 Qd2 21. Rad1 Re8+ 22. Kd5 Qe2 0-1

[Event "IRL-ch"]
[Site "Greystones"]
[Date "2001.07.09"]
[Round "3"]
[White "McMahon, Daire"]
[Black "Heidenfeld, Mark"]
[Result "1/2-1/2"]
[WhiteElo "2240"]
[BlackElo "2369"]
[PlyCount "55"]
[EventDate "2001.07.07"]
[EventType "swiss"]
[EventRounds "9"]
[EventCountry "IRL"]
[SourceTitle "EXT 2012"]
[Source "ChessBase"]
[SourceDate "2011.11.24"]
[SourceVersion "1"]
[SourceVersionDate "2011.11.24"]
[SourceQuality "1"]

1. d4 e6 2. c4 f5 3. g3 Nf6 4. Bg2 Be7 5. Nf3 0-0 6. 0-0 Ne4 7. Nbd2 Bf6 8. Nxe4 fxe4 9. Ne5 d5 10. Ng4 Nd7 11. Bf4 Bg5 12. e3 Be7 13. Ne5 c6 14. f3 exf3 15. Bxf3 Nxe5 16. Bxe5 Bd6 17. Bxd6 Qxd6 18. Qd3 Bd7 19. e4 b6 20. Rae1 dxc4 21. Qxc4 Rac8 22. e5 Qe7 23. Bg4 Rfe8 24. Rd1 Rc7 25. Rf4 Rf8 26. Rxf8+ Kxf8 27. Rf1+ Kg8 28. b4 1/2-1/2

[Event "Bunratty Masters op"]
[Site "Bunratty"]
[Date "2001.02.18"]
[Round "6"]
[White "McMahon, Daire"]
[Black "Heidenfeld, Mark"]
[Result "1/2-1/2"]
[WhiteElo "2240"]
[BlackElo "2369"]
[PlyCount "89"]
[EventDate "2001.02.19"]
[EventType "swiss"]
[EventRounds "6"]
[EventCountry "IRL"]
[SourceTitle "CBM 080 Extra"]
[Source "ChessBase"]
[SourceDate "2001.03.08"]
[SourceVersion "1"]
[SourceVersionDate "2001.03.08"]
[SourceQuality "1"]

1. d4 e6 2. Nf3 Nf6 3. c4 b6 4. Nc3 Bb7 5. Bg5 Bb4 6. e3 h6 7. Bh4 0-0 8. Bd3 d5 9. cxd5 exd5 10. 0-0 Nbd7 11. Rc1 Re8 12. Qa4 Be7 13. Bg3 c6 14. Rfd1 Bf8 15. Bf5 g6 16. Bh3 Nh5 17. Ne5 Nxe5 18. Bxe5 f6 19. Bg3 Nxg3 20. hxg3 Bd6 21. Qc2 Kg7 22. e4 dxe4 23. Nxe4 f5 24. Nxd6 Qxd6 25. d5 c5 26. g4 f4 27. g5 hxg5 28. Be6 Qe5 29. Rf1 Qf6 30. Qa4 Red8 31. Rfd1 Rd6 32. b4 c4 33. b5 c3 34. Qc4 Re8 35. Qc7+ Qe7 36. Qxc3+ Qf6 37. Qb4 Qd8 38. Qc3+ Qf6 39. Qc7+ Qe7 40. Re1 Kh6 41. Qc3 Qd8 42. Qh3+ Kg7 43. Qc3+ Kh6 44. Qh3+ Kg7 45. Qc3+ 1/2-1/2

[Event "Bunratty Masters op"]
[Site "Bunratty"]
[Date "2001.02.16"]
[Round "2"]
[White "Hebden, Mark"]
[Black "McMahon, Daire"]
[Result "1-0"]
[WhiteElo "2522"]
[BlackElo "2240"]
[PlyCount "95"]
[EventDate "2001.02.19"]
[EventType "swiss"]
[EventRounds "6"]
[EventCountry "IRL"]
[SourceTitle "CBM 080 Extra"]
[Source "ChessBase"]
[SourceDate "2001.03.08"]
[SourceVersion "1"]
[SourceVersionDate "2001.03.08"]
[SourceQuality "1"]

1. d4 Nf6 2. Nf3 d5 3. c4 dxc4 4. e3 Bg4 5. Nbd2 e6 6. Nxc4 Nbd7 7. Be2 Be7 8. 0-0 0-0 9. b3 c5 10. Bb2 Rc8 11. dxc5 Nxc5 12. Nd4 Bxe2 13. Qxe2 a6 14. Rfd1 Qc7 15. Rac1 b5 16. b4 bxc4 17. Rxc4 Qb7 18. bxc5 Rxc5 19. Rxc5 Bxc5 20. Qc2 Rd8 21. Rc1 Bf8 22. Nc6 Rd5 23. Bd4 h6 24. h3 Qc7 25. e4 Rb5 26. a4 Rb7 27. g3 Ba3 28. Rd1 Nd7 29. Rd3 Bc5 30. Bxc5 Qxc6 31. Rc3 Nxc5 32. Rxc5 Rb1+ 33. Kg2 Qb6 34. Rc8+ Kh7 35. e5+ g6 36. Qe4 Rb2 37. Qf3 Rxf2+ 38. Qxf2 Qb7+ 39. Kh2 Qxc8 40. Qxf7+ Kh8 41. Qxg6 Qc1 42. h4 Qb2+ 43. Kh3 Qxe5 44. Qxh6+ Kg8 45. Qg5+ Qxg5 46. hxg5 Kg7 47. a5 Kg6 48. Kh4 1-0

[Event "Kilkenny Norkom op"]
[Site "Kilkenny"]
[Date "2000.11.25"]
[Round "2"]
[White "Pein, Malcolm"]
[Black "McMahon, Daire"]
[Result "1/2-1/2"]
[WhiteElo "2424"]
[BlackElo "2246"]
[PlyCount "88"]
[EventDate "2000.11.24"]
[EventType "swiss"]
[EventRounds "6"]
[EventCountry "IRL"]
[SourceTitle "CBM 079 Extra"]
[Source "ChessBase"]
[SourceDate "2001.01.11"]
[SourceVersion "2"]
[SourceVersionDate "2001.01.25"]
[SourceQuality "1"]

1. d4 d5 2. c4 c6 3. Nf3 Nf6 4. Nc3 dxc4 5. a4 Bg4 6. Ne5 Bh5 7. Nxc4 Nbd7 8. g3 Nb6 9. Ne5 a5 10. Bg2 Nfd7 11. Nd3 e6 12. Nf4 Bg6 13. 0-0 Be7 14. h4 Nd5 15. e4 Nxf4 16. Bxf4 h6 17. h5 Bh7 18. Qb3 Qb6 19. Qxb6 Nxb6 20. d5 0-0 21. dxe6 fxe6 22. Bh3 Kf7 23. Rad1 Rfe8 24. f3 Bc5+ 25. Kg2 Nc4 26. b3 Ne3+ 27. Bxe3 Bxe3 28. Rd3 Bb6 29. Rfd1 Rad8 30. Ne2 e5 31. Rxd8 Rxd8 32. Rxd8 Bxd8 33. Bc8 b5 34. Bb7 bxa4 35. bxa4 c5 36. Nc1 Kf6 37. Bd5 g6 38. Nd3 Be7 39. Nc1 Bd8 40. Nb3 Bb6 41. hxg6 Bxg6 42. Nd2 Be8 43. Bb3 Bc7 44. Kf2 Kg5 1/2-1/2